Mapping The Root causes of conflict (Record no. 84)
[ view plain ]
| 000 -LEADER | |
|---|---|
| fixed length control field | 00400nam a22001217a 4500 |
| 008 - FIXED-LENGTH DATA ELEMENTS--GENERAL INFORMATION | |
| fixed length control field | 230602b xxu||||| |||| 00| 0 eng d |
| 082 ## - DEWEY DECIMAL CLASSIFICATION NUMBER | |
| Classification number | 305.67628 |
| Item number | NJE |
| 100 ## - MAIN ENTRY--PERSONAL NAME | |
| Titles and words associated with a name | Geoffrey Njeru |
| 245 ## - TITLE STATEMENT | |
| Title | Mapping The Root causes of conflict |
| Remainder of title | An Agenda for Sustainable conflict mitigation and peace Building in kenya |
| 260 ## - PUBLICATION, DISTRIBUTION, ETC. (IMPRINT) | |
| Place of publication, distribution, etc. | sweden |
| Name of publisher, distributor, etc. | KEC-CJPC in collaboration with Diakonia |
| 300 ## - PHYSICAL DESCRIPTION | |
| Extent | 101p |
| 942 ## - ADDED ENTRY ELEMENTS (KOHA) | |
| Source of classification or shelving scheme | Dewey Decimal Classification |
| Koha item type | Books |
| Withdrawn status | Lost status | Source of classification or shelving scheme | Damaged status | Not for loan | Home library | Current library | Date acquired | Total Checkouts | Full call number | Barcode | Date last seen | Price effective from | Koha item type |
|---|---|---|---|---|---|---|---|---|---|---|---|---|---|
| Dewey Decimal Classification | Bunge Tower Library | Bunge Tower Library | 06/02/2023 | 305.67628 NJE | 10015469 | 06/02/2023 | 06/02/2023 | Books |
